000 01160nam0a22002771 4500
001 RU\INFOCOMM_327\NLR\5000003801
005 20250613103950.0
035 _a(NLR Aleph) 009483787
090 _a8604472
_c8604472
100 _a20121204d1933 |||y0rusy50 ca
101 0 _ager
102 _aRU
105 _ay z |||||
200 1 _aˆ...‰ Die Festigung der Kollektivwirtschaften und die aufgaben der Frühjahrsaussaat
_f[Bericht des gen. Kaganowitsch auf dem. 1. Bundeskongress der kollektivisten-stossbrigadler]
_g1. Bundeskongress der kollektivisten-stossbrigadier 16 februar 1933
210 _aEngels
_cDeutscher Staatsverl.
_d1933
215 _a56 с.
_d23х15 см
300 _aНа последн. с.: Л. М. Каганович. Укрепление колхозов и задачи весеннего сева
620 _aЭнгельс
686 _aУ32(2)181я431
_2rubbk
700 1 _7ba
_8rus
_aKaganovič
_bL. M.
_f1893-1991
_gLazar' Moiseevič
_9248421
_3RU\NLR\AUTH\770248477
790 1 _9z01700
_aKaganowitsch
_bL.
_4070
801 1 _aRU
_bNLR
_c20121204
801 0 _aRU
_bINFOCOMM
_gPSBO
852 _aNLR
_jЕ-11/764
942 _cBOOK
980 _aNB